České veřejné mínění : výzkum a teoretické souvislosti /

Korporativní autor: Centrum pro výzkum veřejného mínění
Další autoři: Červenka, Jan, 1973-, Kunštát, Daniel
Jazyk: Čeština
Vydáno: Praha : Sociologický ústav Akademie věd ČR, 2006
Vydání: Vyd. 1.
Témata:
Fyzický popis: 226 s. : il. ; 24 cm
Language note: Anglická resumé
Knihy
Uloženo v:
LEADER 02612nam a2200673 a 4500
001 nkc20061644155
003 CZ PrNK
005 20180307103938.0
007 ta
008 060223s2006 xr a e 000 0 cze
015 |a cnb001644155 
020 |a 80-7330-081-8  |q (brož.)  |z 807330081-8 
035 |a (OCoLC)70682842 
040 |a ABA001  |b cze 
041 0 |a cze  |b eng 
043 |a e-xr--- 
072 7 |a 316.4/.7  |x Sociální interakce. Sociální komunikace  |2 Konspekt  |9 18 
080 |a 316.65  |2 MRF 
080 |a 659.3  |2 MRF 
080 |a 329.1/.6  |2 MRF 
080 |a 327  |2 MRF 
080 |a 338  |2 MRF 
080 |a 331  |2 MRF 
080 |a 316:303  |2 MRF 
080 |a (437.3)  |2 MRF 
080 |a (082)  |2 MRF 
245 0 0 |a České veřejné mínění :  |b výzkum a teoretické souvislosti /  |c Daniel Kunštát (ed.) ; Jan Červenka ... [et al.] 
246 3 |a České veřejné mínění - výzkum a teoretické souvislosti 
250 |a Vyd. 1. 
260 |a Praha :  |b Sociologický ústav Akademie věd ČR,  |c 2006 
300 |a 226 s. :  |b il. ;  |c 24 cm 
500 |a Na obálce pod názvem: Centrum pro výzkum veřejného mínění, Sociologický ústav Akademie věd ČR 
504 |a Obsahuje bibliografie a bibliografické odkazy 
546 |a Anglická resumé 
650 0 7 |a veřejné mínění  |7 ph116571  |z Česko  |2 czenas 
650 0 7 |a masmédia  |7 ph115233  |z Česko  |2 czenas 
650 0 7 |a politické strany  |7 ph115790  |z Česko  |2 czenas 
650 0 7 |a zahraniční politika  |7 ph127522  |z Česko  |2 czenas 
650 0 7 |a ekonomická transformace  |7 ph114426  |z Česko  |2 czenas 
650 0 7 |a práce  |7 ph115908  |z Česko  |2 czenas 
650 0 7 |a sociologický výzkum  |7 ph125750  |z Česko  |2 czenas 
650 0 9 |a public opinion  |z Czechia  |2 eczenas 
650 0 9 |a mass media  |z Czechia  |2 eczenas 
650 0 9 |a political parties  |z Czechia  |2 eczenas 
650 0 9 |a foreign policy  |z Czechia  |2 eczenas 
650 0 9 |a economic transformation  |z Czechia  |2 eczenas 
650 0 9 |a labor  |z Czechia  |2 eczenas 
650 0 9 |a sociological research  |z Czechia  |2 eczenas 
655 7 |a sborníky  |7 fd163935  |2 czenas 
655 9 |a papers  |2 eczenas 
700 1 |a Červenka, Jan,  |d 1973-  |7 xx0016617  |4 aut 
700 1 |a Kunštát, Daniel  |7 ola2006329738  |4 edt 
710 2 |a Centrum pro výzkum veřejného mínění  |7 ko2004260313 
910 2 |a BOA001  |b 2-1165.627 
990 |a BK 
995 |a 01 
991 |b 200603  |c NOV 
996 6 |b 2610273977  |c 2-1165.627  |l MZK  |r Sklad / do 1 hodiny  |n 6  |p p.v.  |w 000809549  |u 000010  |a 1  |e BOA001  |j MZK50  |s P 
996 7 |b 2610276312  |c 2-1165.627  |l MZK  |r Sklad / do 1 hodiny  |n 32  |p kup  |w 000809549  |u 000020  |a 1  |e BOA001  |j MZK50  |s A